00716nam a2200217 a 450000100100000000500170001000800410002704000250006808200190009310000280011224500400014026000480018030000210022849000200024965000290026965000300029883000270032804900090035595201170036499900170048100002506620200930023537.0110201s1968 mx r 000 p spa d aDO-SdBNPbspacBNPHU aM861.44bB344e1 aBañuelos, Juan95144010aEspejo humeante /cJuan Bañuelos. aMéxico, D. F. :bJoaquín Mortiz,c1968. a120 p. ;c22 cm.1 aLas Dos Orillas 4aPoesía mejicana951441 4aLiteratura mexicana91922 0aLas Dos Orillas914092 aBNGR 001050718MOaGRbGRcCTd2011-02-09iLF1l0oM861.44 B344ep25066-10r2020-06-25w2020-06-25y1ZNo se presta c24559d24559